000 00627nam a22002177a 4500
003 BCEG
005 20260408163627.0
008 260408s2017 mx|||||| |||| 00| 0 spa d
020 _a9786074576030
040 _aBCEG
_bspa
_cBCEG
082 0 4 _a509.2
_bF465e
100 1 _aFierro, Julieta,
_d1948-2025.
245 1 0 _aEinstein
_b: un científico de nuestro tiempo.
260 _aMéxico :
_bLectorum,
_c2017.
300 _a101 p.
_b: il., fots.
541 _aCompra.
600 1 4 _aEinstein, Albert,
_d1879-1955.
650 1 4 _aCientíficos
_xCrítica e interpretación.
700 1 _aDomínguez, Héctor,
_ecoaut.
942 _cBK
999 _c437169
_d437169